[Event "Croatia GCT"]
[Site "Zagreb"]
[Date "2019.07.05"]
[Round "9"]
[White "Carlsen, Magnus"]
[Black "Aronian, Levon"]
[Result "1/2-1/2"]
[WhiteElo "2875"]
[BlackElo "2752"]
[PlyCount "97"]
[EventDate "2019.06.26"]
[EventType "tourn"]
[EventRounds "11"]
[EventCountry "CRO"]
[EventCategory "22"]
[SourceTitle "CBM 191"]
[Source "ChessBase"]
[SourceDate "2019.08.31"]
[SourceVersion "1"]
[SourceVersionDate "2019.08.31"]
[SourceQuality "1"]

1. d4 Nf6 2. c4 e6 3. Nf3 d5 4. Nc3 Bb4 5. Bg5 dxc4 6. e4 c5 7. e5 cxd4 8. Nxd4 Bxc3+ 9. bxc3 Qa5 10. exf6 Qxg5 11. fxg7 Qxg7 12. Qd2 O-O 13. Bxc4 Rd8 14. Qe3 Bd7 15. O-O-O ({RR} 15. O-O Nc6 16. Nf3 Ne7 17. Ne5 Ng6 18. f4 Rac8 19. Be2 Bc6 20. Bf3 Bd5 21. Kh1 b6 22. a4 h6 23. Rae1 Nxe5 24. fxe5 Qg5 25. Qf2 Bc4 26. h4 Qg7 27. Re4 Bxf1 28. Rg4 Bd3 29. Rxg7+ Kxg7 {Ivanchuk,V (2768)-Grischuk,A (2746) Khanty-Mansiysk 2011 ½-½ (43)}) 15... Nc6 16. Bb3 Be8 $146 ({RR} 16... Rac8 17. Kb2 a5 18. h4 Kh8 19. h5 Qe5 20. Qf3 Nxd4 21. cxd4 Qg5 22. Qxf7 a4 23. Bxe6 Bxe6 24. Qxe6 Re8 25. Qd6 Re2+ 26. Ka1 Rcc2 27. Qf8+ Qg8 28. Qf6+ Qg7 29. Qd8+ Qg8 30. Qf6+ Qg7 31. Qd8+ {Duda,J (2729)-Aronian,L (2736) Dusseldorf GER 2023 ½-½ (31)}) ({RR} 16... Rac8 17. Kb2 a5 18. h4 Kh8 19. h5 Qe5 20. Qf3 Nxd4 21. cxd4 Qg5 22. Qxf7 a4 23. Bxe6 Bxe6 24. Qxe6 Re8 25. Qd6 Re2+ 26. Ka1 Rcc2 27. Qf8+ Qg8 28. Qf6+ Qg7 29. Qd8+ Qg8 30. Qf6+ Qg7 31. Qd8+ {Duda,J (2729)-Aronian,L (2736) Dusseldorf GER 2023 ½-½ (31)}) 17. Nxc6 Bxc6 18. h4 Qf6 19. Rh3 b5 20. Rg3+ Kh8 21. Rg4 a5 22. Rf4 Qg7 23. Rxd8+ Rxd8 24. g4 b4 25. g5 bxc3 26. Bc2 Bd5 27. Rf6 Qf8 28. Qxc3 Rc8 29. Qd3 Qg7 30. f4 Kg8 31. Kd2 h6 32. a3 hxg5 33. fxg5 Rc4 34. Qg3 Be4 35. Bb3 Rd4+ 36. Ke1 Bf5 37. h5 Rd3 38. Qb8+ Qf8 39. Qxf8+ Kxf8 40. Bc2 Rh3 41. Bxf5 exf5 42. h6 Kg8 43. a4 Rh4 44. Rxf5 Rxa4 45. Kf2 Rg4 46. Kf3 Rg1 47. Kf2 Rg4 48. Kf3 Rg1 49. Kf2 1/2-1/2

[Event "Croatia GCT"]
[Site "Zagreb"]
[Date "2019.07.07"]
[Round "11"]
[White "Carlsen, Magnus"]
[Black "Vachier Lagrave, Maxime"]
[Result "1-0"]
[WhiteElo "2875"]
[BlackElo "2779"]
[PlyCount "73"]
[EventDate "2019.06.26"]
[EventType "tourn"]
[EventRounds "11"]
[EventCountry "CRO"]
[EventCategory "22"]
[SourceTitle "CBM 191"]
[Source "ChessBase"]
[SourceDate "2019.08.31"]
[SourceVersion "1"]
[SourceVersionDate "2019.08.31"]
[SourceQuality "1"]

1. d4 Nf6 2. c4 g6 3. Nc3 d5 4. Nf3 Bg7 5. cxd5 Nxd5 6. e4 Nxc3 7. bxc3 c5 8. Be3 Qa5 9. Qd2 Nc6 10. Rb1 cxd4 11. cxd4 O-O 12. Qxa5 Nxa5 13. Bd3 ({RR} 13. d5 Bc3+ 14. Bd2 Bxd2+ 15. Nxd2 f5 16. f3 fxe4 17. fxe4 e6 18. d6 e5 19. Rb5 b6 20. Rxe5 Nc6 21. Bc4+ Kg7 22. Rg5 Bb7 23. Bd5 Rad8 24. e5 Ba8 25. Bxc6 Bxc6 26. Nb3 Rde8 27. Nd4 Bd7 {Bukreev,S (2321)-Lisenkov,S (2207) Moscow RUS 2025 1-0 (81)}) ({RR} 13. d5 e6 14. Bd2 b6 15. Bxa5 bxa5 16. Bc4 exd5 17. Bxd5 Ba6 18. Bxa8 Rxa8 19. e5 Bf8 20. Rc1 Rd8 21. Rc2 Bb4+ 22. Nd2 a4 23. Kd1 Bd3 24. Nf3 Be4+ {0-1 (24) Bellahcene,B (2475)-Vachier Lagrave,M (2811) Bastia 2016}) 13... Bg4 14. O-O Bxf3 $146 ({RR} 14... b6 15. Rfc1 Rfd8 16. d5 e6 17. Bf4 exd5 18. exd5 Rac8 19. d6 Bf8 20. Rxc8 Bxc8 21. Rd1 Nb7 22. Bc4 Kg7 23. Ng5 Nxd6 24. Ne4 Nb7 25. Be5+ Kh6 26. Bf4+ Kg7 27. Be5+ Kg8 28. Nf6+ Kh8 29. Ne8+ {Wiedenkeller,M (2453)-Dominguez Perez,L (2732) Skopje 2015 ½-½ (34)}) ({RR} 14... Rfd8 15. d5 Bxf3 16. gxf3 e6 17. Bg5 f6 18. Bd2 b6 19. Bxa5 bxa5 20. Bc4 Rac8 21. Ba6 Rc7 22. dxe6 Bh6 23. Bb7 Rd3 24. Bd5 Kf8 25. Rb8+ Ke7 26. Rfb1 Rd2 27. R1b7 Rdc2 28. Rh8 Rxb7 29. Rxh7+ {Ragger,M (2698)-Sutovsky,E (2635) Skopje 2015 1-0 (37)}) 15. gxf3 e6 16. Rfd1 Rfd8 17. Bf1 b6 18. Ba6 Rd6 19. Rbc1 Rad8 20. Bg5 f6 21. Be3 h6 22. Bb5 f5 23. d5 g5 24. Bd2 fxe4 25. fxe4 a6 26. Ba4 exd5 27. Bb4 Re6 28. Rxd5 Rxd5 29. exd5 Re4 30. Rc8+ Kf7 31. a3 Be5 32. Be8+ Kg7 33. d6 Rd4 34. d7 Nb7 35. Be7 Re4 36. Rc6 Bd4 37. Rc7 1-0

[Event "Sinquefield Cup 7th"]
[Site "Saint Louis"]
[Date "2019.08.19"]
[Round "3"]
[White "Carlsen, Magnus"]
[Black "Caruana, Fabiano"]
[Result "1/2-1/2"]
[WhiteElo "2882"]
[BlackElo "2818"]
[PlyCount "85"]
[EventDate "2019.08.17"]
[EventType "tourn"]
[EventRounds "11"]
[EventCountry "USA"]
[EventCategory "22"]
[SourceTitle "CBM 192"]
[Source "ChessBase"]
[SourceDate "2019.10.31"]
[SourceVersion "1"]
[SourceVersionDate "2019.10.31"]
[SourceQuality "1"]

1. d4 Nf6 2. c4 e6 3. Nf3 d5 4. Nc3 dxc4 5. e4 Bb4 6. Bxc4 Nxe4 7. O-O Nf6 8. Qa4+ Nc6 9. Ne5 Bd6 10. Nxc6 bxc6 11. Qxc6+ Bd7 12. Qf3 O-O 13. Bg5 h6 14. Bh4 Rb8 15. b3 Rb6 16. Ne4 Be7 17. Nxf6+ Bxf6 18. Bxf6 Qxf6 19. Qxf6 gxf6 20. d5 e5 21. Rfc1 $146 ({RR} 21. Rac1 Rd8 22. Be2 c6 23. Rfd1 Rc8 24. dxc6 Rcxc6 25. Rxc6 Bxc6 26. Rd6 Be4 27. Rxb6 axb6 28. g3 Kf8 29. f4 Ke7 30. Kf2 Bd5 31. Ke3 Kd6 32. Bd1 b5 33. a3 Ke6 34. a4 b4 35. a5 Kd6 {Giri,A (2780)-Duda,J (2730) Chess.com INT 2019 1-0 (45)}) 21... a5 22. Be2 c6 23. dxc6 Rxc6 24. Rxc6 Bxc6 25. Rc1 Bd7 26. Rc5 Ra8 27. f4 exf4 28. Bf3 Ra6 29. Kf2 Be6 30. Be2 Ra8 31. Bf3 Ra6 32. Bb7 Ra7 33. Be4 Kg7 34. Kf3 a4 35. Bc2 axb3 36. Bxb3 Rb7 37. Kxf4 Bxb3 38. axb3 Rxb3 39. g3 Rb4+ 40. Kf3 Rb3+ 41. Kf4 Rb4+ 42. Kf3 Rb3+ 43. Kf4 1/2-1/2

[Event "Sinquefield Cup 7th"]
[Site "Saint Louis"]
[Date "2019.08.20"]
[Round "4"]
[White "Mamedyarov, Shakhriyar"]
[Black "Carlsen, Magnus"]
[Result "1/2-1/2"]
[WhiteElo "2764"]
[BlackElo "2882"]
[PlyCount "135"]
[EventDate "2019.08.17"]
[EventType "tourn"]
[EventRounds "11"]
[EventCountry "USA"]
[EventCategory "22"]
[SourceTitle "CBM 192"]
[Source "ChessBase"]
[SourceDate "2019.10.31"]
[SourceVersion "1"]
[SourceVersionDate "2019.10.31"]
[SourceQuality "1"]

1. d4 d5 2. c4 c6 3. Nc3 Nf6 4. e3 e6 5. Nf3 Nbd7 6. Qc2 Bd6 7. Bd3 dxc4 8. Bxc4 b5 9. Be2 O-O 10. O-O a6 11. Rd1 Qc7 12. e4 e5 13. g3 Re8 14. a3 exd4 15. Nxd4 Be5 16. Bf3 c5 17. Nde2 Bb7 18. Be3 c4 19. b4 cxb3 20. Qxb3 Nc5 21. Bxc5 Qxc5 22. Rac1 Qb6 $146 ({RR} 22... Bxc3 23. Nxc3 Rac8 24. a4 Nxe4 25. Bxe4 Bxe4 26. Nxe4 Qxc1 27. Rxc1 Rxc1+ 28. Kg2 Rxe4 29. axb5 axb5 30. Qxb5 Rce1 {½-½ (30) Ftacnik,L (2580)-Svetushkin,D (2461) Panormo 2001}) 23. Na4 Qa7 24. Nc5 Rac8 25. Nd7 Rxc1 26. Nxc1 h6 27. Nxf6+ Bxf6 28. Rd7 Re7 29. Rd8+ Kh7 30. Qd3 Be5 31. Rh8+ Kxh8 32. Qd8+ Kh7 33. Qxe7 Bd4 34. Qxf7 Bxf2+ 35. Kg2 Bc8 36. Qa2 Bb6 37. e5 Bf5 38. g4 Bg6 39. Ne2 Qc7 40. Nf4 Qc2+ 41. Qxc2 Bxc2 42. Nd5 Bc5 43. Nb4 Bb3 44. Nxa6 Bxa3 45. Nc7 Bc4 46. e6 Bd6 47. Bc6 b4 48. Nd5 Kg6 49. e7 Bxd5+ 50. Bxd5 Bxe7 51. Kf3 Kf6 52. Ke4 Kg5 53. Kf3 Kh4 54. Be6 Bg5 55. Kg2 Bf4 56. h3 Kg5 57. Kf3 Kf6 58. Bg8 Ke5 59. h4 g5 60. hxg5 hxg5 61. Ke2 Kd4 62. Kd1 Kc3 63. Bf7 b3 64. Be6 Be3 65. Bf7 Bf4 66. Be6 Be3 67. Bf7 Bf4 68. Be6 1/2-1/2

[Event "Sinquefield Cup 7th"]
[Site "Saint Louis"]
[Date "2019.08.21"]
[Round "5"]
[White "Carlsen, Magnus"]
[Black "Karjakin, Sergey"]
[Result "1/2-1/2"]
[WhiteElo "2882"]
[BlackElo "2750"]
[PlyCount "93"]
[EventDate "2019.08.17"]
[EventType "tourn"]
[EventRounds "11"]
[EventCountry "USA"]
[EventCategory "22"]
[SourceTitle "CBM 192"]
[Source "ChessBase"]
[SourceDate "2019.10.31"]
[SourceVersion "1"]
[SourceVersionDate "2019.10.31"]
[SourceQuality "1"]

1. d4 Nf6 2. c4 e6 3. Nf3 d5 4. Nc3 Be7 5. Bf4 O-O 6. e3 b6 7. Bd3 dxc4 8. Bxc4 Ba6 9. Qe2 Bxc4 10. Qxc4 c5 11. dxc5 Bxc5 12. O-O Qc8 ({RR} 12... Nbd7 13. Rac1 Qc8 14. Ne5 Qb7 15. Nxd7 Nxd7 16. Rfd1 Rfc8 17. Qe4 Qxe4 18. Nxe4 Be7 19. g4 Nf6 20. Nxf6+ Bxf6 21. b3 h6 22. Bc7 Kf8 23. Kg2 Ke8 24. f4 Bb2 25. Rc4 b5 26. Rc6 a6 27. Rd2 {Grischuk,A (2777)-Carlsen,M (2863) chess24.com INT 2020 ½-½ (62)}) 13. Rfd1 ({RR} 13. Rac1 Nbd7 14. Qe2 Qb7 15. e4 Bb4 16. Nb5 Rac8 17. Bd6 Rxc1 18. Rxc1 Bxd6 19. Nxd6 Qb8 20. e5 Nd5 21. Ng5 Nc5 22. Nxh7 Nf4 23. Qg4 Kxh7 24. Qxf4 f6 25. b4 Nd7 26. Qh4+ Kg8 27. Qg4 Nxe5 {David,A (2301)-Nastore,P (2327) Eforie Nord ROU 2025 1-0 (38)}) 13... Nbd7 14. Qe2 $146 ({RR} 14. Ng5 Be7 15. Qe2 Qb7 16. Rac1 Rac8 17. Qf3 Qa6 18. Qe2 Qxe2 19. Nxe2 Nd5 20. Ne4 N7f6 21. N4c3 Nxf4 22. Nxf4 Rfd8 23. Kf1 Rxd1+ 24. Rxd1 Kf8 25. Nd3 a6 26. Ke2 b5 27. Rc1 Nd7 28. Ne4 Rxc1 {Cheparinov,I (2687)-Dominguez Perez,L (2723) Varadero 2016 ½-½ (71)}) ({RR} 14. Ne5 Nxe5 15. Bxe5 Be7 16. Qa4 a6 17. Ne4 b5 18. Nxf6+ Bxf6 19. Qf4 Bxe5 20. Qxe5 Rd8 21. Qe4 Ra7 22. Rac1 Rad7 23. Qb1 Rxd1+ 24. Rxd1 g6 25. g3 a5 26. a3 b4 27. axb4 axb4 28. Rxd8+ Qxd8 {Le,Q (2728)-Duda,J (2731) chess24.com INT 2022 ½-½ (34)}) 14... Re8 15. Nd2 Qb7 16. Qf3 Qxf3 17. gxf3 Rec8 18. Nde4 Bf8 19. Nd6 Rc6 20. Bg3 a6 21. Rac1 Bxd6 22. Rxd6 Rxd6 23. Bxd6 Rc8 24. Rd1 h6 25. f4 b5 26. Be7 Rc6 27. Kg2 Nb6 28. e4 Nc4 29. Rd8+ Kh7 30. Bxf6 gxf6 31. Nd1 Kg6 32. b3 Rd6 33. Rxd6 Nxd6 34. f3 Kh5 35. Kg3 b4 36. Ne3 f5 37. exf5 Nxf5+ 38. Nxf5 exf5 39. Kf2 Kh4 40. Kg2 a5 41. Kf2 Kh3 42. Kg1 h5 43. Kh1 h4 44. Kg1 f6 45. Kh1 a4 46. bxa4 b3 47. axb3 1/2-1/2

[Event "Sinquefield Cup 7th"]
[Site "Saint Louis"]
[Date "2019.08.24"]
[Round "7"]
[White "Carlsen, Magnus"]
[Black "Nepomniachtchi, Ian"]
[Result "1/2-1/2"]
[WhiteElo "2882"]
[BlackElo "2774"]
[PlyCount "67"]
[EventDate "2019.08.17"]
[EventType "tourn"]
[EventRounds "11"]
[EventCountry "USA"]
[EventCategory "22"]
[SourceTitle "CBM 192"]
[Source "ChessBase"]
[SourceDate "2019.10.31"]
[SourceVersion "1"]
[SourceVersionDate "2019.10.31"]
[SourceQuality "1"]

1. d4 Nf6 2. c4 g6 3. Nc3 d5 4. cxd5 Nxd5 5. e4 Nxc3 6. bxc3 Bg7 7. Qa4+ Nd7 8. Nf3 c5 9. Be2 O-O 10. O-O Nb6 11. Qa3 cxd4 12. cxd4 Bg4 13. Rd1 Bxf3 14. Bxf3 $146 ({RR} 14. gxf3 Bxd4 15. Bh6 Re8 16. Bb5 e5 17. Bxe8 Qxe8 18. Rac1 Qd8 19. Be3 Qf6 20. Bxd4 exd4 21. Qd3 Rd8 22. Rc5 Qd6 23. Rdc1 Qf4 24. Kg2 h5 25. R1c2 h4 26. h3 Kg7 27. Qd2 Qd6 28. e5 Qe6 {Ismagilov,D (2173)-Prishita Gupta (2058) chess.com INT 2025 1-0 (45)}) ({RR} 14. gxf3 Qd7 15. Bg5 Rfe8 16. Rab1 Qe6 17. Bb5 Red8 18. d5 Qh3 19. Bf1 Qh5 20. Bxe7 Be5 21. h3 Re8 22. d6 Nc4 23. Qb3 Nd2 24. Rxd2 Rxe7 25. dxe7 Qg5+ 26. Bg2 Qxd2 27. Qb5 {1-0 (27) Chan,L (2217)-Singh,E (1641) Hong Kong 2017}) 14... Bxd4 15. e5 Nc4 16. Qb4 Rc8 17. Bh6 Bxa1 18. Rxd8 Rfxd8 19. e6 Ne5 20. exf7+ Nxf7 21. Be3 Bd4 22. Qxe7 Re8 23. Qa3 b6 24. Bd5 Rc5 25. Bxf7+ Kxf7 26. Qxa7+ Re7 27. Qa6 b5 28. h3 Bxe3 29. fxe3 Rce5 30. Qb6 R7e6 31. Qb7+ Re7 32. Qb6 R7e6 33. Qb7+ Re7 34. Qb6 1/2-1/2

[Event "FIDE Chess.com Grand Swiss"]
[Site "Douglas"]
[Date "2019.10.10"]
[Round "1"]
[White "Carlsen, Magnus"]
[Black "Kuzubov, Yuriy"]
[Result "1-0"]
[WhiteElo "2876"]
[BlackElo "2636"]
[PlyCount "104"]
[EventDate "2019.10.10"]
[EventType "swiss"]
[EventRounds "11"]
[EventCountry "IOM"]
[SourceTitle "CBM 193"]
[Source "ChessBase"]
[SourceDate "2019.12.31"]
[SourceVersion "1"]
[SourceVersionDate "2019.12.31"]
[SourceQuality "1"]

1. d4 Nf6 2. c4 e6 3. Nf3 d5 4. Nc3 Nbd7 5. cxd5 exd5 6. Bg5 c6 7. Qc2 h6 8. Bh4 g5 9. Bg3 Nh5 10. O-O-O Nxg3 11. hxg3 Nb6 12. e4 Be6 13. Bd3 Qf6 14. e5 Qg7 15. Nh2 g4 16. Ne2 O-O-O 17. Nf4 Qg5 $146 ({RR} 17... h5 18. Nf1 Qg5 19. Bh7 c5 20. Rxh5 Qe7 21. dxc5 Qxc5 22. Ne3 Nc4 23. Nfxd5 Kb8 24. Qxc4 Qxc4+ 25. Nxc4 Bxd5 26. Nd6 Bxa2 27. Rhh1 Bg7 28. Bb1 Rxh1 29. Rxh1 Bxe5 30. Bxa2 Rxd6 31. f4 gxf3 32. gxf3 {Radjabov,T (2763)-Ivanisevic,I (2604) Terme Catez 2021 ½-½ (47)}) ({RR} 17... h5 18. Nf1 Qg5 19. Bh7 c5 20. Rxh5 Qe7 21. dxc5 Qxc5 22. Ne3 Nc4 23. Nfxd5 Kb8 24. Qxc4 Qxc4+ 25. Nxc4 Bxd5 26. Nd6 Bxa2 27. Rhh1 Bg7 28. Bb1 Rxh1 29. Rxh1 Bxe5 30. Bxa2 Rxd6 31. f4 gxf3 32. gxf3 {Radjabov,T (2763)-Ivanisevic,I (2604) Terme Catez 2021 ½-½ (47)}) 18. Kb1 h5 19. Nf1 Rh6 20. Ne3 Kb8 21. Nf5 Bxf5 22. Bxf5 h4 23. Ne2 hxg3 24. Rxh6 Bxh6 25. Nxg3 Nc4 26. Bd3 Nd2+ 27. Ka1 Qf4 28. Nf5 Bg5 29. Nd6 Qxf2 30. Qc3 Rd7 31. Qb4 a5 32. Qxa5 Qxd4 33. Rxd2 Bxd2 34. Qxd2 Qxe5 35. Nf5 c5 36. Bb1 d4 37. Qd3 Qd5 38. Qg3+ Ka7 39. Qxg4 d3 40. Ne3 Qd4 41. Qf3 d2 42. Nd1 Qc4 43. Qe3 Rd4 44. a3 Qc1 45. Qb3 Rd6 46. Ka2 c4 47. Qf3 Rb6 48. Bf5 Rb5 49. Qe3+ Ka6 50. Bg4 Qc2 51. Qc3 Qb3+ 52. Kb1 Rd5 1-0

[Event "FIDE Chess.com Grand Swiss"]
[Site "Douglas"]
[Date "2019.10.18"]
[Round "8"]
[White "Wang, Hao"]
[Black "Carlsen, Magnus"]
[Result "1/2-1/2"]
[WhiteElo "2726"]
[BlackElo "2876"]
[PlyCount "61"]
[EventDate "2019.10.10"]
[EventType "swiss"]
[EventRounds "11"]
[EventCountry "IOM"]
[SourceTitle "CBM 193"]
[Source "ChessBase"]
[SourceDate "2019.12.31"]
[SourceVersion "1"]
[SourceVersionDate "2019.12.31"]
[SourceQuality "1"]

1. d4 d5 2. c4 e6 3. Nf3 Nf6 4. Nc3 Bb4 5. Qb3 a5 6. Bg5 c5 7. dxc5 Na6 8. a3 Nxc5 9. Qc2 Bxc3+ 10. Qxc3 Nce4 11. Bxf6 Qxf6 12. Qxf6 Nxf6 13. cxd5 Nxd5 14. e4 Nf6 15. Bd3 Bd7 16. Ne5 Ke7 17. Rc1 Rhc8 18. Kd2 $146 ({RR} 18. Ke2 Be8 19. Ke3 Nd7 20. Nxd7 Bxd7 21. e5 Bc6 22. f4 h6 23. Rhg1 g5 24. g3 Rg8 25. Be4 gxf4+ 26. gxf4 Rxg1 27. Rxg1 Bxe4 28. Kxe4 Rc8 29. Kd3 b5 30. Rg4 a4 31. Rh4 Rc4 32. Rxh6 Rxf4 {Kreisl,R (2391)-Kuljasevic,D (2554) Austria 2020 ½-½ (50)}) ({RR} 18. Ke2 Be8 19. Ke3 Nd7 20. Nxd7 Bxd7 21. e5 Bc6 22. f4 h6 23. Rhg1 g5 24. g3 Rg8 25. Be4 gxf4+ 26. gxf4 Rxg1 27. Rxg1 Bxe4 28. Kxe4 Rc8 29. Kd3 b5 30. Rg4 a4 31. Rh4 Rc4 32. Rxh6 Rxf4 {Kreisl,R (2391)-Kuljasevic,D (2554) Austria 2020 ½-½ (50)}) 18... Be8 19. f4 Nd7 20. Nxd7 Bxd7 21. Rxc8 Rxc8 22. Rc1 Rxc1 23. Kxc1 e5 24. fxe5 Ke6 25. Kd2 Kxe5 26. Ke3 Bc6 27. g3 f6 28. Bc2 b6 29. Bd3 h6 30. Bc2 Bb7 31. Bd3 1/2-1/2

[Event "FIDE Chess.com Grand Swiss"]
[Site "Douglas"]
[Date "2019.10.21"]
[Round "11"]
[White "Aronian, Levon"]
[Black "Carlsen, Magnus"]
[Result "1/2-1/2"]
[WhiteElo "2758"]
[BlackElo "2876"]
[PlyCount "67"]
[EventDate "2019.10.10"]
[EventType "swiss"]
[EventRounds "11"]
[EventCountry "IOM"]
[SourceTitle "CBM 193"]
[Source "ChessBase"]
[SourceDate "2019.12.31"]
[SourceVersion "1"]
[SourceVersionDate "2019.12.31"]
[SourceQuality "1"]

1. d4 Nf6 2. c4 e6 3. Nc3 Bb4 4. f3 c5 5. d5 b5 6. e4 d6 7. Bd2 Bxc3 8. Bxc3 b4 9. Bd2 O-O 10. Be3 exd5 11. cxd5 Nfd7 ({RR} 11... Nbd7 12. Ne2 Nh5 13. Qd2 Ne5 14. Ng3 Qh4 15. Bf2 Nxg3 16. Bxg3 Qe7 17. Be2 f5 18. exf5 Bxf5 19. O-O a5 20. Rae1 Qf6 21. Bb5 Nf7 22. b3 Rab8 23. Bc4 Rfe8 24. Rxe8+ Rxe8 25. Re1 Rxe1+ 26. Qxe1 {Ebrahimi Herab,H (2412)-Kollars,D (2642) chess.com INT 2025 0-1 (60)}) 12. Ne2 f5 13. exf5 Rxf5 $146 ({RR} 13... Nb6 14. Ng3 Bb7 15. Bd3 Bxd5 16. Be4 Bc6 17. O-O Qe7 18. Rc1 Bxe4 19. Nxe4 Rxf5 20. Qxd6 Qxd6 21. Nxd6 Rd5 22. Bxc5 Na6 23. Bxb6 axb6 24. Nc4 Rad8 25. Nxb6 Ra5 26. Ra1 Rc5 27. Rfc1 Rd2 28. Nc4 {Juksta,K (2416)-Melillo,L (2104) Austin, TX USA 2024 1-0 (36)}) ({RR} 13... Nb6 14. Ng3 Bb7 15. Bd3 Bxd5 16. Be4 Bc6 17. O-O Qe7 18. Rc1 Bxe4 19. Nxe4 Rxf5 20. Qxd6 Qxd6 21. Nxd6 Rd5 22. Bxc5 Na6 23. Bxb6 axb6 24. Nc4 Rad8 25. Nxb6 Ra5 26. Ra1 Rc5 27. Rfc1 Rd2 28. Nc4 {Juksta,K (2416)-Melillo,L (2104) Austin, TX USA 2024 1-0 (36)}) 14. Ng3 Re5 15. Kf2 Qh4 16. Qd2 Nf6 17. Rc1 Ba6 18. b3 Nxd5 19. Rc4 Qe7 20. Re4 Qe6 21. Bf4 Nxf4 22. Qxf4 Bxf1 23. Rxe5 dxe5 24. Qe4 Nc6 25. Rxf1 c4 26. Nf5 cxb3 27. Qxc6 Qxc6 28. Ne7+ Kf8 29. Nxc6 bxa2 30. Nxb4 Rb8 31. Ra1 Rxb4 32. Rxa2 Rb7 33. Ke3 Ke7 34. Ra6 1/2-1/2

[Event "London Classic 11th"]
[Site "London"]
[Date "2019.12.04"]
[Round "1.4"]
[White "Carlsen, Magnus"]
[Black "Vachier Lagrave, Maxime"]
[Result "1/2-1/2"]
[WhiteElo "2872"]
[BlackElo "2780"]
[PlyCount "118"]
[EventDate "2019.12.02"]
[EventType "k.o."]
[EventRounds "2"]
[EventCountry "ENG"]
[SourceTitle "CBM 194"]
[Source "ChessBase"]
[SourceDate "2020.01.27"]
[SourceVersion "1"]
[SourceVersionDate "2020.01.27"]
[SourceQuality "1"]

1. d4 Nf6 2. c4 g6 3. Nc3 d5 4. cxd5 Nxd5 5. e4 Nxc3 6. bxc3 Bg7 7. Bc4 c5 8. Ne2 O-O 9. Be3 Nc6 10. h4 cxd4 11. cxd4 Qa5+ 12. Kf1 Bd7 ({RR} 12... h5 13. f3 Rd8 14. Qb3 e6 15. e5 b6 16. Kf2 Qb4 17. g4 Qxb3 18. Bxb3 hxg4 19. fxg4 Ba6 20. Rad1 Rac8 21. h5 Na5 22. h6 Bf8 23. Bg5 Rd7 24. Bf6 Kh7 25. Nf4 Nxb3 26. Nh3 g5 27. Nxg5+ {Chigaev,M (2616)-Nepomniachtchi,I (2779) chess.com INT 2023 ½-½ (38)}) 13. h5 Rac8 ({RR} 13... e5 14. hxg6 hxg6 15. d5 Nd8 16. Rc1 Rc8 17. Bb3 b6 18. Rxc8 Bxc8 19. Qc1 Ba6 20. Bh6 Qc5 21. Qxc5 bxc5 22. Be3 Nb7 23. Ke1 Rc8 24. Nc3 Bf8 25. Kd2 Be7 26. f4 Bd6 27. f5 Kg7 28. g4 {Joseph,M (2121)-Samuel Bisnath,K (2023) St Ann's TRI 2025 1-0 (45)}) 14. hxg6 hxg6 15. Bb3 $146 ({RR} 15. Rc1 Rfd8 16. Nf4 e6 17. Nxg6 fxg6 18. Qg4 Nxd4 19. Qxg6 Rxc4 20. Rxc4 Bb5 21. Rh7 Bxc4+ 22. Kg1 Qe5 23. Rh5 Ne2+ {0-1 (23) Melikhov,E (2269)-Jansa,V (2398) Tornelo INT 2023}) ({RR} 15. Rc1 Rfd8 16. Nf4 e6 17. Nxg6 fxg6 18. Qg4 Nxd4 19. Qxg6 Rxc4 20. Rxc4 Bb5 21. Rh7 Bxc4+ 22. Kg1 Qe5 23. Rh5 Ne2+ {0-1 (23) Melikhov,E (2269)-Jansa,V (2398) Tornelo INT 2023}) 15... Qa6 16. Kg1 Na5 17. Nf4 Rfe8 18. e5 Bf5 19. Kh2 Nxb3 20. axb3 Qc6 21. Rxa7 Red8 22. Qf3 Qxf3 23. gxf3 f6 24. Rxb7 fxe5 25. dxe5 Bxe5 26. Rxe7 Re8 27. Rxe8+ Rxe8 28. Kg2 Rb8 29. Nd5 Rxb3 30. Bf4 Bxf4 31. Nxf4 Kg7 32. Nd5 Rb5 33. Rd1 Be6 34. Ne3 Rg5+ 35. Kh2 Kf6 36. Rd6 Ke7 37. Rb6 Kf7 38. f4 Rc5 39. Kg3 g5 40. fxg5 Rxg5+ 41. Kf4 Ra5 42. f3 Ra4+ 43. Kg3 Ra3 44. Nc2 Ra4 45. Nb4 Ra3 46. Nc6 Bd5 47. Ne5+ Ke7 48. Kg4 Bxf3+ 49. Nxf3 Ra5 50. Kf4 Ra1 51. Nd4 Rf1+ 52. Ke5 Re1+ 53. Kd5 Rd1 54. Re6+ Kf7 55. Re4 Kf6 56. Kd6 Rf1 57. Re6+ Kf7 58. Rh6 Rf6+ 59. Rxf6+ Kxf6 1/2-1/2

[Event "London Classic 11th"]
[Site "London"]
[Date "2019.12.04"]
[Round "1.6"]
[White "Carlsen, Magnus"]
[Black "Vachier Lagrave, Maxime"]
[Result "0-1"]
[WhiteElo "2872"]
[BlackElo "2780"]
[PlyCount "108"]
[EventDate "2019.12.02"]
[EventType "k.o."]
[EventRounds "2"]
[EventCountry "ENG"]
[SourceTitle "CBM 194"]
[Source "ChessBase"]
[SourceDate "2020.01.27"]
[SourceVersion "1"]
[SourceVersionDate "2020.01.27"]
[SourceQuality "1"]

1. d4 Nf6 2. Nf3 g6 3. Nbd2 d5 4. b3 Bg7 5. Bb2 a5 6. a4 ({RR} 6. a3 O-O 7. e3 Bf5 8. Be2 Ne4 9. c4 e6 10. O-O Nd7 11. Nxe4 dxe4 12. Nd2 Qg5 13. Re1 Nf6 14. f4 Qh4 15. g3 Qh3 16. Bf1 Qh6 17. Bg2 g5 18. Qe2 Rfd8 19. Rf1 c5 20. fxg5 Qxg5 {Aziz,H (2286)-Phatak,A (2206) Fujairah City UAE 2025 1-0 (56)}) 6... O-O 7. e3 Bf5 8. Be2 Nc6 $146 ({RR} 8... Ne4 9. Nxe4 Bxe4 10. O-O c5 11. c3 cxd4 12. exd4 Nc6 13. Ba3 Qc7 14. Bd3 Bxf3 15. Qxf3 Rfd8 16. Rac1 e5 17. dxe5 Nxe5 18. Qg3 Qb6 19. Bb5 Nc6 20. Rfd1 Na7 21. Be7 Rdc8 22. Rxd5 Nxb5 23. Rxb5 {Giri,A (2761)-Tari,A (2654) chess24.com INT 2022 1-0 (41)}) ({RR} 8... Ne4 9. Nxe4 Bxe4 10. O-O c5 11. c3 cxd4 12. exd4 Nc6 13. Ba3 Qc7 14. Bd3 Bxf3 15. Qxf3 Rfd8 16. Rac1 e5 17. dxe5 Nxe5 18. Qg3 Qb6 19. Bb5 Nc6 20. Rfd1 Na7 21. Be7 Rdc8 22. Rxd5 Nxb5 23. Rxb5 {Giri,A (2761)-Tari,A (2654) chess24.com INT 2022 1-0 (41)}) 9. O-O Nb4 10. Ne1 Ne4 11. c3 Nxd2 12. Qxd2 Nc6 13. Nd3 e5 14. Nxe5 Nxe5 15. dxe5 Bxe5 16. Rfd1 Qd6 17. Ba3 c5 18. Qxd5 Qxd5 19. Rxd5 Bxc3 20. Rad1 Bb4 21. Bxb4 cxb4 22. Bc4 Be6 23. Rb5 Rfd8 24. Rd4 Rac8 25. Rxd8+ Rxd8 26. Kf1 Bxc4+ 27. bxc4 Rd2 28. Rxb7 Ra2 29. c5 Rxa4 30. Ke2 Ra3 31. c6 Rc3 32. c7 Kg7 33. Ra7 b3 34. Rxa5 Rxc7 35. Rb5 Rc2+ 36. Kf3 b2 37. Rb6 h5 38. h3 Kf8 39. g4 h4 40. g5 Ke7 41. e4 Kd7 42. Ke3 Kc7 43. Rb5 Kc6 44. Rb8 Kc5 45. f4 Kc4 46. f5 Kc3 47. Kf4 Rg2 48. fxg6 fxg6 49. e5 Re2 50. Rb6 Kc2 51. Rc6+ Kd1 52. Rd6+ Kc1 53. Rc6+ Rc2 54. Rb6 Rc4+ 0-1